000 01753nam a2200277Ia 4500
999 _c54712
_d54712
001 21779
003 GE_BSU
005 20220408163033.0
008 181216s ||||ge |||||||||||||| ||geo||
020 _a9992865881
040 _cGE_BSU
041 _ageo
080 _a821.14.09-21 გ-70
100 _aგორდეზიანი, რისმაგ
_93462
245 _aბერძნული ლიტერატურა წ. 1 :
_bელინური ეპოქის ეპოსი, ლირიკა, დრამა /
_cრისმაგ გორდეზიანი ; რედაქტორი ნანა ტონია.
264 _aთბილისი :
_bლოგოსი,
_c2002.
300 _a568 გვ. ;
_c27 სმ.
490 _aპროგრამა ”ლოგოსი” პუბლიკაციები და ღონისძიებები კლასიკური ფილოლოგიის, ბიზანტინისტიკისა და ნეოგრეცისტიკის სფეროში
500 _aსაძიებელი გვ. : 540-565
541 _h22ლ.
653 _aბერძნული ლიტერატურა
700 _aტონია, ნანა
_dრედაქტორი
_913653
710 _aივანე ჯავახიშვილის სახელობის თბილისის სახელმწიფო უნივერსიტეტი
_913654
710 _aკლასიკური ფილოლოგიის, ბიზანტინისტიკისა და ნეოგრეცისტიკის ინსტიტუტი
_913655
942 _cBK
_2udc